00500 2200169 4500001002100000005001700021008004100038035002500079090002100104100001600125245005900141260003400200300003000234650003100264850001200295999002300307YOGYA-1010000000134920150313093958.0 ind  a0010-101000000001349 aDEP 371.26 New P aNewton Club aPenyelesaian ujian masuk perguruan tinggicNewton Club aYogyakartabNewton Clubc1982 a48 hlm. :bilus. ;c21 cm aTes masuk perguruan tinggi aYOPDYOG aCB-D.11-1982-21602